书目信息 |
| 题名: |
中国古代的书院制度
|
|
| 作者: | 陈元晖 编著 | |
| 分册: | ||
| 出版信息: | 上海 上海教育出版社 1981 |
|
| 页数: | 163页 | |
| 开本: | 19cm | |
| 丛书名: | ||
| 单 册: | ||
| 中图分类: | G649.299 , G529.2 , G40-09 | |
| 科图分类: | ||
| 主题词: | 书院--研究--中国 , 教育史--中国--古代 | |
| 电子资源: | ||
| ISBN: | ||
| 000 | 00719nam0 2200265 45 | |
| 001 | 0181008971 | |
| 005 | 20060820090402.39 | |
| 010 | @dCNY0.60 | |
| 091 | @a7150.2523 | |
| 100 | @a19950612d1981 kemy0chiy0121 ea | |
| 101 | 0 | @achi |
| 102 | @aCN@b310000 | |
| 105 | @ay z 000yy | |
| 200 | 10 | @a中国古代的书院制度@Azhong guo gu dai de shu yuan zhi du@f陈元晖编著 |
| 210 | @a上海@c上海教育出版社@d1981 | |
| 215 | @a163页@d19cm | |
| 606 | @a书院@x研究@y中国 | |
| 606 | @a教育史@y中国@z古代 | |
| 690 | @aG649.299@v3 | |
| 690 | @aG529.2@v3 | |
| 690 | @aG40-09 | |
| 701 | 0 | @a陈元晖@Achen yuan hui@4编著 |
| 801 | 2 | @aCN@bNLC@c20060820 |
| 801 | 0 | @aCN@b上海图书馆@c20060812 |
| 905 | @f2@b63329-330@dG40-09@e28 | |
| 中国古代的书院制度/陈元晖编著.-上海:上海教育出版社,1981 |
| 163页;19cm |
| ISBN :CNY0.60 |
| ● |
| 相关链接 |
|
|
|
|
正题名:中国古代的书院制度
索取号:G40-09/28
 
预约/预借
| 序号 | 登录号 | 条形码 | 馆藏地/架位号 | 状态 | 备注 |
| 1 | 0063329 | 000286595 | 第一样本阅览室/ [索取号:G40-09/28] | 在馆 | |
| 2 | 0063330 | 000286602 | 第四借阅区/ [索取号:G40-09/28] | 在馆 | |
| 3 | 0063331 | 001783671 | 密集书库/ [索取号:G40-09/28] | 在馆 | |
| 4 | 0440801 | 204408015 | 密集书库/ [索取号:G40-09/28] | 在馆 | |
| 5 | 0459017 | 204590175 | 密集书库/ [索取号:G40-09/28] | 在馆 | |
| 6 | 0471303 | 204713033 | 密集书库/ [索取号:G40-09/28] | 在馆 |